00653nam a2200193Ia 4500008004100000020001800041082001600059100001900075245006900094250000800163260004200171300002900213500001900242600003400261650001500295942000700310952012700317999001500444240925s9999 xx 000 0 und d a9788131719534 a621.382 TOM aTomasi , Wayne 0aElectronic Communications Systems: fundamentals through advanced a5th aNew Delhi:bPearson Educationc,2004. axvi,779p.bNAfPhotocopy aIncludes Index aTelecommunication Engineering aTechnology cBK 001040708ELaUITUbUITUd2005-06-23eStandard Booksg950.00l0o621.382 TOMpQ6210r2024-09-25 07:14:07w2024-09-25yBK c8709d8709